Катулл (Запис № 458608)

МАРК-запис
000 -Лідер
fixed length control field 00663nam a22002417a 4500
001 - Контрольний номер
control field 5150436
003 - Ідентифікатор контрольного номера
control field UA-OsUOA
005 - Дата та час останнього входження (трансакції)
control field 20200326105403.0
008 - Елементи даних фіксованої довжини – загальна інформація
fixed length control field 200326b un ||||| |||| 00| 0 ukr d
040 ## - Джерело каталогізації
Агенція оригінальної каталогізації UA-OsUOA
Мова каталогізації ukr
Агенція, яка здійснювала перезапис UA-OsUOA
Агенція, яка здійснювала модифікацію UA-OsUOA
041 ## - Код мови
Код мови тексту/ звукової доріжки чи окремого заголовка (П) ukr
080 ## - Індекс Універсальної десяткової класифікації
Індекс Універсальної десяткової класифікації (УДК) (НП) 821
090 ## - Локальний шифр розміщення
Класифікаційний індекс УДК 821
Авторський знак (НП) П81
100 ## - Основне введення – ім’я особи
Ім’я особи (НП) Пронин В
245 ## - Відомості про назву
Назва (НП) Катулл
260 ## - Публікація, розповсюдження і т.п. (Вихідні дані)
Місце публікації, розповсюдження і т.п. (П) Москва
Ім’я/ наймення видавництва, розповсюджувача і т.п. (П) Молодая гвардия
Дата публікації, розповсюдження і т.п. (П) 1993
300 ## - Фізичний опис
Обсяг 300 с.
650 ## - Додаткове предметне введення – тематичний термін
Джерело заголовка чи терміна 82
650 ## - Додаткове предметне введення – тематичний термін
Джерело заголовка чи терміна 821
942 ## - Додаткові елементи входу (Коха)
Source of classification or shelving scheme Universal Decimal Classification
Тип елемента Koha Книги
955 ## - Код типу видання за змістом
Код типу видання за змістом (НП) Літературно-художні видання
Фонди
Стан вилучень Стан втрат Джерело класифікації або схеми стелажів Стан уражень Не для кредиту Постійне місце розташування Поточне розміщення Дата придбання Інвентарний номер Усього замовленно Повний номер виклику Штрих-код Дата останнього перегляду Ціна ефективна від Тип елемента Koha
    Universal Decimal Classification     АБ - Абонемент НБ АБ - Абонемент НБ 26/03/2010 10479   821 П81 10479 25/08/2022 26/03/2020 Книги
    Universal Decimal Classification     АБ - Абонемент НБ АБ - Абонемент НБ 26/03/2010 10480   821 П81 10480 30/09/2021 26/03/2020 Книги